Zvýhodnené daňové odpisy pri finančnom prenájme

Finančný prenájom ako spôsob obstarávania investícií. Daňové predpisy vzťahujúce sa na finančný leasing. Účtovníctvo u prenajímateľa. Finančný prenájom a zvýšená prvá splátka. Účtovanie u nájomcu.

Enregistré dans:
Détails bibliographiques
Auteur principal: Bojňanský, Jozef
Format: Chapitre de livre
Langue:slovaque
Sujets:
Tags: Ajouter un tag
Pas de tags, Soyez le premier à ajouter un tag!

MARC

LEADER 00000naa a2200000 4500
001 r022708
005 20230811094921.3
041 0 |a slo 
044 |a SK 
245 1 0 |a Zvýhodnené daňové odpisy pri finančnom prenájme  |c Jozef Bojňanský 
520 |a Finančný prenájom ako spôsob obstarávania investícií. Daňové predpisy vzťahujúce sa na finančný leasing. Účtovníctvo u prenajímateľa. Finančný prenájom a zvýšená prvá splátka. Účtovanie u nájomcu. 
610 2 0 |a lízing 
610 2 0 |a lízing finančný 
610 2 0 |a predpisy daňové 
610 2 0 |a investície 
610 2 0 |a dane 
610 2 0 |a účtovanie 
610 2 0 |a účtovníctvo 
610 2 0 |a technika obchodná 
610 2 0 |a odpisy 
100 1 |a Bojňanský, Jozef